| 000 | nam a22 7a 4500 | ||
|---|---|---|---|
| 999 |
_c24874 _d24874 |
||
| 008 | 170130b xxu||||| |||| 00| 0 eng d | ||
| 020 | _a1592601634 | ||
| 050 | _aH 61 .D66 2005 | ||
| 100 |
_aDonnelly, James P. _d2005 |
||
| 245 |
_aResearch Methods: _bThe Concise Knowledge Base / _cJames P. Donnelly, William M. K. Trochim |
||
| 260 |
_aCincinnati: _bAtomic Dog, _c2005. |
||
| 300 |
_ax,179 p.: _bill.; _c28cm. |
||
| 650 | _2Research Methods | ||
| 700 | _aWilliam M.K. Trochim | ||
| 942 |
_2lcc _cBOOKS _hH 61 .D66 2005 _k32022 |
||